| 000 | 00716cam a2200193 i 4500 | ||
|---|---|---|---|
| 005 | 20260118104023.0 | ||
| 008 | 250721s2016 jo gr 000 0 ara d | ||
| 020 | _a9789957594640 | ||
| 082 | 1 | 4 |
_a324.2 _bا م ي |
| 100 | 1 |
_aأمين، كاوه محمد _eمؤلف. |
|
| 245 | 1 | 0 |
_aدكتاتورية القيادات السياسية والشعارات الوهمية / _cكاوه محمد امين. |
| 264 | 3 | 1 |
_aعمان : _bدار الجنان للنشر والتوزيع، _c2016. |
| 300 | _a351 صفحة. | ||
| 650 | 1 | 7 | _aالاحزاب السياسية. |
| 650 | 1 | 7 | _aالدكتاتورية. |
| 650 | 1 | 7 | _aالانظمة السياسية. |
| 942 |
_2ddc _cBK |
||
| 999 |
_c135231 _d135231 |
||